Chap 3: La monnaie - Statistiques

Statistiques générales
  • Ce quiz a été pris 12 fois
  • Le résultat moyen est 4 sur 10
Statistiques - réponses
Question Réponse % Correct
Qu'est-ce qui caractérise les systèmes monométalliques ? Ils utilisent un seul métal précieux comme étalon, comme l'étalon or.
82%
Qu'est-ce qui caractérise le modèle spécialisé en matière bancaire ? La séparation des banques de dépôts et des banques d'affaires.
82%
Quel principe soutient la solidité du système spécialisé ? La séparation stricte des opérations sûres et risquées.
64%
Quand la monnaie devient-elle fiduciaire, et qu'est-ce qui la caractérise ? Elle devient fiduciaire lorsque sa valeur faciale dépasse sa valeur intrinsèque.
55%
Quand les premières pièces de monnaie ont-elles été frappées, et dans quel royaume ? 687 avant JC, royaume de Lydie.
45%
Quelle est la distinction principale avant l'avènement des systèmes monétaires métalliques ? Distinction entre unité de compte et moyen de paiement.
36%
Quel était l'objectif principal derrière l'avènement des systèmes monétaires métalliques ? Éliminer l'arbitraire politique et empêcher la dévaluation de la dette.
36%
Quelle est la caractéristique de l'émission monétaire selon le banking principle ? Elle est décidée par la banque centrale au-delà du stock d'or.
27%
Quel modèle bancaire repose sur la croissance industrielle pour assurer la solidité du système ? Le modèle spécialisé.
18%
Quel événement marque le retour du modèle indifférencié en France dans les années 1980 ? La nationalisation de la Banque de France.
0%
Aucun quiz correspondant
Distribution des résultats
% des personnes avec chaque résultat
Percentile par nombre de réponses
Votre historique - résultats
Vous n’avez pas pris ce quiz